000 00471nam a2200181Ia 4500
005 20250423100048.0
008 250422s9999 xx 000 0 und d
020 _a389599748x
050 _aRC 898 .J635/
100 _aJockenhövel, F.
245 0 _aMale hypogonadism
260 _aBremen
260 _bUni-Med
260 _c2004
300 _a188 p
650 _a Hypogonadism. Androgens - Physiology.. Testis - Physiology. Genital Diseases, Male.
942 _cBK
999 _c32173
_d32173